Russisches Lesebuch : mit übersetzungshilfen, grammatischen und sonstigen Fußnoten und Wörterverzeichnissen /

Hlavní autor: Dirr, Adolf, 1867-1930
Jazyk: Ruština
Němčina
Vydáno: Wien ; A. Hartleben's Verglag, [1914]
Edice: Kunst der Polyglottie
A Hartleben's Bibliothek der Sprachenkunde
Témata:
Fyzický popis: 185 stran ; 17 cm
Language note: Tištěno švabachem
Knihy
Uloženo v:
LEADER 01418nam a22003977i 4500
001 001856094
003 CZ BrMZK
005 20230424140755.0
007 ta
008 230424s1914 au er|||||||||||ger d
040 |a ABB071  |b cze  |d BOA001  |e rda 
041 1 |a ger  |a rus 
072 7 |a 821.161.1  |x Ruská literatura  |2 Konspekt  |9 25 
080 |a 821.161.1  |2 MRF 
080 |a (075)028  |2 MRF 
100 1 |a Dirr, Adolf,  |d 1867-1930  |7 jo2012709322  |4 aut 
245 1 0 |a Russisches Lesebuch :  |b mit übersetzungshilfen, grammatischen und sonstigen Fußnoten und Wörterverzeichnissen /  |c Von A. Dirr 
264 1 |a Wien ;  |a Leipzig :  |b A. Hartleben's Verglag,  |c [1914] 
300 |a 185 stran ;  |c 17 cm 
336 |a text  |b txt  |2 rdacontent 
337 |a bez média  |b n  |2 rdamedia 
338 |a svazek  |b nc  |2 rdacarrier 
490 0 |a Die Kunst der Polyglottie ;  |v 121 Teil 
490 1 |a Die Kunst der Polyglottie ;  |v Teil 121 
490 1 |a A. Hartleben's Bibliothek der Sprachenkunde 
500 |a Obsahuje rejstřík 
546 |a Tištěno švabachem 
650 0 7 |a ruská literatura  |7 ph125327  |2 czenas 
655 7 |a čítanky  |7 fd133984  |2 czenas 
830 0 |a Kunst der Polyglottie 
830 0 |a A Hartleben's Bibliothek der Sprachenkunde 
910 |a BOA001  |b 1-0040.494,121 
990 |a BK 
993 |a Y 
991 |b 202304 
996 6 |b 2618745408  |c 1-0040.494,121  |l MZK  |r Sklad / do 1 hodiny  |n 0  |w 001923133  |u 000010  |a 1  |e BOA001  |j MZK50  |s P